| 000 | 00497nam a22001817a 4500 | ||
|---|---|---|---|
| 003 | AM-YeHGA | ||
| 005 | 20250617154314.0 | ||
| 008 | 180719s ||||| |||| 00| 0 rus d | ||
| 040 | _aAM-YeHGA | ||
| 041 | 0 | _arus | |
| 100 | 1 | _aКудимов, Виктор | |
| 245 | 1 | 0 |
_aИзбранное / _cВ. Кудимов. |
| 260 |
_aСмоленск : _bКн. изд-во, _c1954. |
||
| 300 | _a392 с. | ||
| 653 | 0 | _aРусская литература | |
| 942 |
_2udc _cBK |
||
| 090 | _c411287 | ||
| 999 |
_c409014 _d409014 |
||